| 000 | 00635nam a22001457a 4500 | ||
|---|---|---|---|
| 020 | _a978-1-862-30587-8 | ||
| 082 |
_a823 _bCOL/A |
||
| 100 | _aCOLE, STEVE | ||
| 245 |
_aASTROSAURS _bTHE MIND-SWAP MENACE |
||
| 260 |
_aUNITED KINGDOM _bRED FOX |
||
| 300 | _a129 | ||
| 520 | _aCaptain Teggs is no ordinary dinosaur - he's an astrosaur! On the incredible spaceship DSS Sauropod, along with his faithful crew, Gypsy, Arx and Iggy, Teggs rights wrongs, fights evil and eats a lot of grass! The Astrosaurs are on another mission when they almost crash into a deserted space station | ||
| 650 |
_aADVENTURE STORY _zUNITED KINGDOM |
||
| 942 | _cBK | ||
| 999 |
_c6055 _d6055 |
||